03542cam a2200385 i 45000010008000000030006000080050017000140080041000310100017000720200031000890350017001200370119001370390012002560400096002680410007003640420008003710430012003790500025003911000040004162450086004562640087005422640011006293000027006405000052006675040051007195050256007705201827010266500057028536500032029106500040029426500046029829420008030289520105030369990015031419821554CaAEU20260128122449.0210626t20212021nyu b 001 0 eng  a 2021024506 a9780593423066q(hardcover) aon1252762785 bPenguin Group USA, Attn: Order Processing 405 Murray Hill Pkwy, East Rutherford, NJ, USA, 07073-2136nSAN 201-3975 aexclude aLBSOR/DLCbengerdacDLCdOCLCOdOCLCFdTOHdOCOdYDXdJTHdYUSdCLUdOCLCQdKYCdJPLdAEVC aEN apcc an-us---00aE185.86b.M4273 2021 aMcWhorter, John H.,eauthor.92669910aWoke racism b: how a new religion has betrayed Black America c/ John McWhorter. 1aNew York, NY :bPortfolio/Penguin, an imprint of Penguin Random House LLC,c[2021] 4c©2021 axv, 201 pages ;c24 cm aPlace of publication from publisher's Web site. aIncludes bibliographical references and index.0 aWhat kind of people? — The new religion — What attracts people to this religion? — What's wrong with it being a religion? : it hurts Black people — Beyond "dismantling structures" : saving Black America for real — How do we work around them? a"Acclaimed linguist and award-winning writer John McWhorter argues that an illiberal neoracism, disguised as antiracism, is hurting Black communities and weakening the American social fabric. Americans of good will on both the left and the right are secretly asking themselves the same question: how has the conversation on race in America gone so crazy? We're told read books and listen to music by people of color but that wearing certain clothes is "appropriation." We hear that being white automatically gives you privilege and that being Black makes you a victim. We want to speak up but fear we'll be seen as unwoke, or worse, labeled a racist. According to John McWhorter, the problem is that a well-meaning but pernicious form of antiracism has become, not a progressive ideology, but a religion--and one that's illogical, unreachable, and unintentionally neoracist. In Woke Racism, McWhorter reveals the workings of this new religion, from the original sin of "white privilege" and the weaponization of cancel culture to ban heretics, to the evangelical fervor of the "woke mob." He shows how this religion that claims to "dismantle racist structures" is actually harming his fellow Black Americans by infantilizing Black people, setting Black students up for failure, and passing policies that disproportionately damage Black communities. The new religion might be called "antiracism," but it features a racial essentialism that's barely distinguishable from racist arguments of the past. Fortunately for Black America, and for all of us, it's not too late to push back against woke racism. McWhorter shares scripts and encouragement with those trying to deprogram friends and family. And most importantly, he offers a roadmap to justice that actually will help, not hurt, Black America"--cProvided by publisher 0aAfrican Americans xSocial conditions y1975-926700 0aAnti-racismzUnited States. 0aRace discriminationzUnited States. 0aWhites xAttitudeszUnited States.926702 2lcc 00102lcc4070aTBSbTBSd2026-01-28l0oE185.615 MCHr2026-01-28t1w2026-01-28y1zSOON AVAILABLE c5313d5313